Máquinas simples : Poleas.
Guardado en:
| Formato: | |
|---|---|
| Series: | Videos educativos
|
| Materias: | |
| Etiquetas: |
Agregar Etiqueta
Sin Etiquetas, Sea el primero en etiquetar este registro!
|
| LEADER | 00750ngm a22002295g 4500 | ||
|---|---|---|---|
| 001 | CEM.cems022023 | ||
| 008 | 130507b1993##################0###0#####d | ||
| 005 | 20240930170239.0 | ||
| 245 | 0 | 0 | |a Máquinas simples : |b Poleas. |
| 300 | |a 12'. | ||
| 490 | 0 | |a Videos educativos | |
| 500 | |a En soporte VHS, consultar en ventanilla. | ||
| 538 | |a Soporte: VHS - Norma: Pal N - Color - Grabación DRD 1993 - Hitachi=5079. | ||
| 505 | 0 | |a Las poleas. Movimiento mecánico. Fuerza obtenida. Ventaja mecánica. | |
| 082 | 5 | 3 | |/ CEA-2 |
| 653 | |a FISICA | ||
| 653 | |a MECANICA | ||
| 653 | |a MAQUINAS SIMPLES | ||
| 653 | |a POLEAS | ||
| 653 | |a NIVEL PRIMARIO | ||
| 653 | |a NIVEL SECUNDARIO | ||
| 859 | |a CEMS |b BIB. CEMS - Depto. Recursos Didacticos |h 530 |i CEA-2 |k DRD |p 666.12 |t Ej.1 | ||
